Statistiques concernant Plus grande ville par région administrative du Québec

Cliquez ici pour prendre le quiz!

Statistiques générales

  • Ce quiz a été pris 98 fois
  • Le résultat moyen est 13 sur 17

Statistiques - réponses

CodeRégionPlus grande villePopulation% Correct
06MontréalMontréal1 767 753
100%
03Capitale-NationaleQuébec538 918
97%
13LavalLaval429 413
91%
11Gaspésie-Îles-de-la-MadeleineGaspé2 609
90%
07OutaouaisGatineau281 392
88%
02Saguenay-Lac-Saint-JeanSaguenay145 070
84%
09Côte-NordSept-Îles25 205
84%
05EstrieSherbrooke164 538
84%
01Bas-Saint-LaurentRimouski49 212
81%
08Abitibi-TémiscamingueRouyn-Noranda42 298
81%
04MauricieTrois-Rivières135 851
81%
17Centre-du-QuébecDrummondville75 969
72%
12Chaudière-AppalachesLévis144 918
70%
16MontérégieLongueuil245 094
70%
14LanaudièreTerrebonne113 369
57%
15LaurentidesSaint-Jerôme75 716
46%
10Nord-du-QuébecChibougamau6 862
39%

Distribution des résultats

Percentile par nombre de réponses

% des personnes avec chaque résultat

Votre développement - résultats

Vous n’avez pas pris ce quiz